000 00832nam a22002055i 4500
001 178740
003 ES-MaACL
005 20230906220611.0
008 110613s1974 sp |||| | spa d
080 _a616-092.19
080 _a616-093/-098
100 1 _aVives i Puiggròs, Jordi.
_9147192
245 1 0 _aAnálisis del sistema HL-A de histocompatibilidad /
_cresumen de la tesis presentada para aspirar al grado de doctor en medicina por Jorge Vives Puiggròs.
260 _aBarcelona :
_bUniversidad de Barcelona, Secretariado de Publicaciones, Intercambio Científico y Extensión Universitaria :
_b[Ivern],
_c1974.
300 _a17, [1] p. ;
_c24 cm.
500 _aCub. tomada como port.
650 4 _aInmunología.
_913787
710 2 _aUniversidad de Barcelona.
_97141
852 _aES-MaACL
_jE-15361 (143)
_xOlim P-1374
999 _c178740
_d178740